Los más bellos poemas de Edmundo Montagne / (Record no. 108676)

MARC details
000 -LEADER
campo de control de longitud fija 00554nam a2200169 4500
001 - NÚMERO DE CONTROL
campo de control 108676
003 - IDENTIFICADOR DE NÚMERO DE CONTROL
campo de control ES-MaACL
005 - FECHA Y HORA DE LA ÚLTIMA TRANSACCIÓN
campo de control 20230906184702.0
007 - CAMPO FIJO DE DESCRIPCIÓN FÍSICA--INFORMACIÓN GENERAL
campo de control de longitud fija t|
008 - DATOS DE LONGITUD FIJA--INFORMACIÓN GENERAL
campo de control de longitud fija 061121s1924 ag r ||||1| spa d
100 1# - ENTRADA PRINCIPAL--NOMBRE DE PERSONA
Nombre de persona Montagne, Edmundo.
9 (RLIN) 82313
245 14 - MENCIÓN DEL TÍTULO
Título Los más bellos poemas de Edmundo Montagne /
Mención de responsabilidad, etc. selección y nota de Leopoldo Durán y un soneto iconográfico de Fernández Moreno.
260 ## - PUBLICACIÓN, DISTRIBUCIÓN, ETC.
Lugar de publicación, distribución, etc. Buenos Aires :
Nombre del editor, distribuidor, etc. [el autor],
Fecha de publicación, distribución, etc. 1924.
300 ## - DESCRIPCIÓN FÍSICA
Extensión 142 p., 1 lám ;
Dimensiones 16 cm.
700 1# - ENTRADA AGREGADA--NOMBRE PERSONAL
Nombre de persona Durán, Leopoldo.
9 (RLIN) 46190
852 ## - LOCALIZACIÓN
Ubicación ES-MaACL
Número de control de estantería F-13432
Holdings
Estatus retirado Estado de pérdida Estado de daño No para préstamo Biblioteca de origen Biblioteca actual Ubicación en estantería Fecha de adquisición Fuente de adquisición Total de préstamos Signatura topográfica completa Código de barras Visto por última vez Precio de reemplazo Tipo de ítem Koha
        Biblioteca del Ateneo de Madrid Biblioteca del Ateneo de Madrid Sala Pecera Planta 2 17/01/2008     F-13432 1113400 23/02/2023 23/02/2023 Libro impreso